Sports Quiz

Random Sports or Country Quiz

Super Rugby Teams Quiz Stats

 Plays Quiz Updated Feb 16, 2017

Score 0/18 Timer 05:00
14 Plays Today
Country Team % Correct
New ZealandBlues
89.8%
AustraliaReds
89.6%
New ZealandCrusaders
87.9%
ArgentinaJaguares
83.9%
South AfricaSharks
82.8%
AustraliaBrumbies
82.1%
South AfricaBulls
82.1%
New ZealandChiefs
80.9%
AustraliaWaratahs
79.9%
Country Team % Correct
New ZealandHighlanders
79.7%
New ZealandHurricanes
79.4%
JapanSunwolves
77.3%
South AfricaCentral Cheetahs
75.4%
AustraliaWestern Force
74.7%
South AfricaGolden Lions
72.8%
South AfricaStormers
67.5%
South AfricaSouthern Kings
60.7%
AustraliaRebels
55.9%

You're not logged in!

Compare scores with friends on all Sporcle quizzes.
OR
Log In

Sporcle TV

Today on Sporcle TV


Watch our educational content, quiz creation guides, and fun videos on Sporcle TV.

Show Comments

Extras

Top Quizzes Today


Score Distribution

Your Account Isn't Verified!

In order to create a playlist on Sporcle, you need to verify the email address you used during registration. Go to your Sporcle Settings to finish the process.

Report this User

Report this user for behavior that violates our Community Guidelines.

Details: